MACROECONOMICS (Record no. 20281)
[ view plain ]
| 000 -LEADER | |
|---|---|
| fixed length control field | 00356nam a2200145Ia 4500 |
| 008 - FIXED-LENGTH DATA ELEMENTS--GENERAL INFORMATION | |
| fixed length control field | 240624s9999 xx 000 0 und d |
| 041 ## - LANGUAGE CODE | |
| Language code of text/sound track or separate title | eng |
| 082 ## - DEWEY DECIMAL CLASSIFICATION NUMBER | |
| Classification number | 339 MAN |
| 100 ## - MAIN ENTRY--PERSONAL NAME | |
| Personal name | MANKIW N GREGORY |
| 245 ## - TITLE STATEMENT | |
| Title | MACROECONOMICS |
| 250 ## - EDITION STATEMENT | |
| Edition statement | (6th ed.) |
| 260 ## - PUBLICATION, DISTRIBUTION, ETC. | |
| Date of publication, distribution, etc. | 2009 |
| Place of publication, distribution, etc. | New Delhi |
| Name of publisher, distributor, etc. | Worth Publishers |
| 300 ## - PHYSICAL DESCRIPTION | |
| Extent | xxxvi, : 578 : p. : cm. ; 24 |
| 365 ## - TRADE PRICE | |
| Currency code | RS |
| Withdrawn status | Lost status | Damaged status | Not for loan | Home library | Current library | Shelving location | Date acquired | Cost, normal purchase price | Full call number | Barcode | Date last seen | Copy number | Price effective from | Koha item type |
|---|---|---|---|---|---|---|---|---|---|---|---|---|---|---|
| Store Books | IMTN | IMTN | Rack 14-A | 11/20/2012 | 529.00 | 339 MAN | 20281 | 06/24/2024 | 1 | 06/24/2024 | Books |